000 00886nam a2200205Ii 4500
003 JO-AjNU
008 230605s9999||||xx |||||||||||||| ||und||
040 _aJO-AjNU
_bara
_erda
_cJO-AjNU
041 _aara
050 1 4 _aHQ783 . 2007
100 3 _aتأليف واعداد: سيد، علي عبدالله / سماح كوثراني,
_eauthor
_930408
245 0 0 _aدور المدرسة الاسرة في التنشئة الاجتماعية عند الاطفال
250 _aط1
264 3 1 _aبيروت: دار اليوسف للطباعة والنشر والتوزيع، دار الرفيق للنشر والتوزيع، 2007
300 _a162ص
_bيحتوي ببلوغرافية من ص 151-162ص
336 _atext
_btxt
_2rdacontent
337 _aunmediated
_bn
_2rdamedia
338 _avolume
_bnc
_2rdacarrier
650 4 _aلعب الاطفال - جوانب نفسية
_930409
999 _aA12051
_c15619
_d15619